[Event "Sochi Amateur op 6th"]
[Site "Sochi"]
[Date "2019.04.12"]
[Round "8"]
[White "Ivlev, Aleksey"]
[Black "Akobirov, Jamshed"]
[Result "1-0"]
[WhiteElo "2347"]
[BlackElo "1834"]
[PlyCount "47"]
[EventDate "2019.04.07"]
[EventType "swiss"]
[EventRounds "9"]
[EventCountry "RUS"]
[SourceTitle "CBM 189 Extra"]
[Source "ChessBase"]
[SourceDate "2019.05.31"]
[SourceVersion "1"]
[SourceVersionDate "2019.05.31"]
[SourceQuality "1"]

1. d4 d6 2. c4 e5 3. Nc3 Be7 4. g3 exd4 5. Qxd4 Bf6 6. Qd2 Be6 7. Bg2 Nc6 8. b3 Bxc3 9. Qxc3 Qf6 10. Bb2 Qxc3+ 11. Bxc3 f6 12. Nh3 Nge7 13. Nf4 Bd7 14. 0-0 0-0-0 15. Rfc1 Ng6 16. Nh5 Rhe8 17. Nxg7 Rxe2 18. Bf3 Re7 19. Bxc6 bxc6 20. Bxf6 Bg4 21. Bxe7 Nxe7 22. Re1 Kd7 23. Kg2 Rg8 24. h3 1-0

[Event "Sochi Amateur op 6th"]
[Site "Sochi"]
[Date "2019.04.10"]
[Round "5"]
[White "Akobirov, Jamshed"]
[Black "Vaseptsov, Maxim"]
[Result "1-0"]
[WhiteElo "1834"]
[BlackElo "2256"]
[PlyCount "73"]
[EventDate "2019.04.07"]
[EventType "swiss"]
[EventRounds "9"]
[EventCountry "RUS"]
[SourceTitle "CBM 189 Extra"]
[Source "ChessBase"]
[SourceDate "2019.05.31"]
[SourceVersion "1"]
[SourceVersionDate "2019.05.31"]
[SourceQuality "1"]

1. e4 c5 2. Nf3 d6 3. d4 Nf6 4. dxc5 Nxe4 5. cxd6 Nc6 6. Bd3 Nxd6 7. 0-0 g6 8. Bd2 Bg7 9. Bc3 f6 10. Nbd2 0-0 11. Qe2 e5 12. Rad1 Qe7 13. b4 a6 14. a4 a5 15. bxa5 Nxa5 16. Bb4 Nc6 17. Bc5 Ra5 18. Bb5 Qc7 19. Nb3 Nf7 20. Bxf8 Bxf8 21. Nxa5 Nxa5 22. Nd2 Be6 23. Ne4 Kg7 24. Qf3 f5 25. Qc3 Qb6 26. Nd2 Be7 27. Nb3 Nc6 28. Bxc6 bxc6 29. Qa5 Qb8 30. Rfe1 Bc4 31. Rd7 Kf6 32. Rxe7 Bxb3 33. cxb3 Kxe7 34. Qc5+ Qd6 35. b4 Kd7 36. Qa7+ Ke6 37. Rc1 1-0

[Event "Sochi Amateur op 6th"]
[Site "Sochi"]
[Date "2019.04.10"]
[Round "6"]
[White "Tekeyev, Zaur"]
[Black "Akobirov, Jamshed"]
[Result "1/2-1/2"]
[WhiteElo "2394"]
[BlackElo "1834"]
[PlyCount "138"]
[EventDate "2019.04.07"]
[EventType "swiss"]
[EventRounds "9"]
[EventCountry "RUS"]
[SourceTitle "CBM 189 Extra"]
[Source "ChessBase"]
[SourceDate "2019.05.31"]
[SourceVersion "1"]
[SourceVersionDate "2019.05.31"]
[SourceQuality "1"]

1. e4 e6 2. d4 d5 3. Nd2 Nd7 4. e5 c5 5. c3 Qb6 6. Ndf3 cxd4 7. cxd4 Bb4+ 8. Bd2 Ne7 9. Bd3 Nc6 10. Ne2 Bxd2+ 11. Qxd2 Qb4 12. Rc1 Qxd2+ 13. Kxd2 Ke7 14. Nf4 Nb6 15. h4 Bd7 16. h5 h6 17. b3 Rac8 18. Ke3 Nb4 19. Bb1 Rxc1 20. Rxc1 Rc8 21. Rc5 Na6 22. Rxc8 Nxc8 23. g4 Nc7 24. Ne2 a5 25. Nh2 a4 26. f4 Kf8 27. g5 axb3 28. axb3 Ne7 29. Ng4 Ng8 30. Bh7 hxg5 31. fxg5 Ne7 32. Bc2 Bb5 33. Ng3 g6 34. h6 Ne8 35. Nf6 Nc8 36. Bd3 Bc6 37. Ne2 Nxf6 38. gxf6 Kg8 39. Nf4 Be8 40. Bxg6 fxg6 41. Nxe6 Kh7 42. Ng5+ Kxh6 43. Kf4 Na7 44. e6 Nc6 45. Kg4 Nxd4 46. f7 Bxf7 47. exf7 Kg7 48. b4 Nc6 49. Kf4 Nd8 50. b5 Nxf7 51. Ne6+ Kf6 52. Nc5 g5+ 53. Ke3 Nd6 54. Kd4 Nxb5+ 55. Kxd5 g4 56. Ke4 Kg5 57. Nxb7 Kh4 58. Nc5 g3 59. Nd3 Kh3 60. Ke3 Kh2 61. Ne1 Nc3 62. Kf4 Ne2+ 63. Kf3 Ng1+ 64. Kg4 Ne2 65. Kf3 Nc1 66. Kf4 Kh3 67. Kf3 Nd3 68. Nxd3 g2 69. Nf4+ Kh2 1/2-1/2

[Event "Sochi Amateur op 6th"]
[Site "Sochi"]
[Date "2019.04.08"]
[Round "3"]
[White "Akobirov, Jamshed"]
[Black "Bogachkov, Vladislav"]
[Result "1/2-1/2"]
[WhiteElo "1834"]
[BlackElo "2108"]
[PlyCount "65"]
[EventDate "2019.04.07"]
[EventType "swiss"]
[EventRounds "9"]
[EventCountry "RUS"]
[SourceTitle "CBM 189 Extra"]
[Source "ChessBase"]
[SourceDate "2019.05.31"]
[SourceVersion "1"]
[SourceVersionDate "2019.05.31"]
[SourceQuality "1"]

1. e4 c6 2. Nf3 d5 3. Nc3 Nf6 4. e5 Ne4 5. d4 Nxc3 6. bxc3 Bg4 7. h3 Bxf3 8. Qxf3 e6 9. Rb1 Qc7 10. c4 Nd7 11. cxd5 cxd5 12. Bb5 a6 13. Bxd7+ Qxd7 14. 0-0 Rc8 15. Ba3 Be7 16. Bxe7 Qxe7 17. Qb3 0-0 18. Rfc1 b5 19. a4 bxa4 20. Qxa4 Rc4 21. Qxa6 Rxd4 22. c4 dxc4 23. Rxc4 Rxc4 24. Qxc4 h5 25. Qe4 Rd8 26. Rb7 Qg5 27. h4 Qd2 28. g3 Qd5 29. Qxd5 Rxd5 30. f4 Rd2 31. Ra7 Rb2 32. Rc7 Ra2 33. Rb7 1/2-1/2